| 000 | 01553nam0a2200337 i 4500 | ||
|---|---|---|---|
| 001 | RU\NLR\bibl\1902089 | ||
| 005 | 20241103074155.0 | ||
| 010 |
_a9785903443659 _93000 |
||
| 021 |
_aRU _b2012-29539 _92194 |
||
| 035 | _a(NLR Aleph) 001891704 | ||
| 090 |
_a2928678 _c2928678 |
||
| 100 | _a20120512d2012 u y0rusy50 ca | ||
| 101 | 0 | _arus | |
| 102 | _aRU | ||
| 105 | _ay ||||||||| | ||
| 200 | 1 |
_aУпрощенка: учет расходов _fЕ.В. Карсетская, Т.Л. Крутякова _gИзд.-консалт. группа АйСи Групп |
|
| 205 | _a[Изд. 3-е, перераб. и доп.] | ||
| 210 |
_aМосква _cАйСи Групп _d2012 |
||
| 215 |
_a271 с. _d20 |
||
| 606 | 1 |
_aНалоговое обложение упрощенное _yРоссийская Федерация _92427953 _3RU\NLR\auth\661445390 |
|
| 606 |
_aПредприятия _xРасходы _xБухгалтерский учет _yРоссийская Федерация _92196886 _3RU\NLR\auth\661320310 |
||
| 606 | 1 |
_aПредприятия _xРасходы _xНалоговое обложение _yРоссийская Федерация _92196890 _3RU\NLR\auth\661320313 |
|
| 686 | _aУ26(2)141.3 | ||
| 686 | _aУ052.9(2)2-148.611 | ||
| 700 | 1 |
_aКарсетская _bЕ. В. _gЕлена Витальевна _4070 |
|
| 701 | 1 |
_aКрутякова _bТ. Л. _gТатьяна Леонидовна _4070 |
|
| 801 | 0 |
_aRU _bNLR _c20120512 _gRCR |
|
| 801 | 1 |
_aRU _bNLR _c20120512 |
|
| 942 | _cBOOK | ||
| 980 | _aNBR | ||